Normal view MARC view

Entry Nombre personal

Number of records used in: 1

001 - NÚMERO DE CONTROL

  • campo de control: 240322

003 - IDENTIFICADOR DE NÚMERO DE CONTROL

  • campo de control: SpMaBN

005 - FECHA Y HORA DE LA ÚLTIMA TRANSACCIÓN

  • campo de control: 20250509192629.0

008 - ELEMENTOS DE DATO DE LONGITUD-FIJA

  • campo de control de longitud fija: 901008nn aijnnaabn a aaa

016 ## - NÚMERO DE CONTROL DE UNA AGENCIA BIBLIOGRÁFICA NACIONAL

  • Número de control del registro: BNE19911473005

024 7# - IDENTIFICADOR DE OTROS ESTÁNDARES

  • Número estándar o código: http://viaf.org/viaf/7635770/
  • Fuente: viaf

024 7# - IDENTIFICADOR DE OTROS ESTÁNDARES

  • Número estándar o código: https://isni.org/isni/0000000059469066
  • Fuente: isni

040 ## - FUENTE DE CATALOGACIÓN

  • Centro catalogador/agencia de origen: SpMaBN
  • Lengua de catalogación: spa
  • Centro/agencia transcriptor: SpMaBN
  • Normas de descripción: rdc
  • Convención/Normas de encabezamiento de materia/tesauro: embne

100 1# - ENCABEZAMIENTO-NOMBRE DE PERSONA

  • Nombre de persona: Leiva, Alberto de

372 ## - CAMPO DE ACTIVIDAD

  • Campo de actividad: Nutrición y Bromatología
  • Fuente de información: (Dialnet)

375 ## - GÉNERO/SEXO

  • Género: Masculino

377 ## - IDIOMA ASOCIADO

  • Código del idioma: spa
  • Término de lengua/lenguaje: Español

400 1# - TRAZADO DE VÉASE--NOMBRE DE PERSONA

  • Nombre de persona: Leiva, A. de

400 1# - TRAZADO DE VÉASE--NOMBRE DE PERSONA

  • Nombre de persona: Leiva Hidalgo, Alberto de

670 ## - FUENTE DE DATOS ENCONTRADOS

  • Cita de la fuente: Endocrinología y nutrición, 1996
  • Información encontrada: port. (Alberto de Leiva... (eds.)) p. 11 (Alberto de Leiva Hidalgo; catedrático de medicina, Univ. Barcelona; Hospital Santa Creu i Sant Pau)

670 ## - FUENTE DE DATOS ENCONTRADOS

  • Cita de la fuente: Endocrinología, metabolismo y nutrición, imp. 1990
  • Información encontrada: port. (A. de Leiva)

670 ## - FUENTE DE DATOS ENCONTRADOS

  • Cita de la fuente: Enfermedades del sistema endocrino y de la nutrición,º
  • Información encontrada: port. (Alberto de Leiva Hidalgo (eds.))

856 4# - LOCALIZACIÓN Y ACCESO ELECTRÓNICOS

  • Identificador Uniforme de Recursos: http://dialnet.unirioja.es/servlet/autorExterno/BNE/896385